| 000 | 01442nam a2200361 a 4500 | ||
|---|---|---|---|
| 001 | ebr10512160 | ||
| 003 | CaPaEBR | ||
| 006 | m u | ||
| 007 | cr cn||||||||| | ||
| 008 | 110325s2011 enk sb 001 0 eng d | ||
| 010 | _z 2011288539 | ||
| 020 | _z9789221233022 (ILO) | ||
| 020 | _z9221233022 ( ILO) | ||
| 020 | _z9781841134208 (Hart) | ||
| 020 | _z1841134201 (Hart) | ||
| 020 | _z9789221233039 (e-book) | ||
| 040 |
_aCaPaEBR _cCaPaEBR |
||
| 035 | _a(OCoLC)764351185 | ||
| 050 | 1 | 4 |
_aK1705 _b.E48 2011eb |
| 245 | 0 | 4 |
_aThe employment relationship _h[electronic resource] : _ba comparative overview / _cedited by Giuseppe Casale. |
| 260 |
_aOxford : _bHart Pub. ; _aGeneva : _bInternational Labour Office, _c2011. |
||
| 300 | _axxv, 322 p. | ||
| 504 | _aIncludes bibliographical references (p. 287-295) and index. | ||
| 533 |
_aElectronic reproduction. _bPalo Alto, Calif. : _cebrary, _d2011. _nAvailable via World Wide Web. _nAccess may be limited to ebrary affiliated libraries. |
||
| 650 | 0 | _aLabor laws and legislation, International. | |
| 650 | 0 | _aIndustrial relations. | |
| 655 | 7 |
_aElectronic books. _2local |
|
| 700 | 1 | _aCasale, Giuseppe. | |
| 710 | 2 | _aInternational Labour Office. | |
| 710 | 2 | _aInternational Institute for Labour Studies. | |
| 710 | 2 | _aebrary, Inc. | |
| 856 | 4 | 0 |
_uhttp://site.ebrary.com/lib/rucke/Doc?id=10512160 _zAn electronic book accessible through the World Wide Web; click to view |
| 999 |
_c119883 _d119883 |
||